[Event "Outaouais-ch Reserve"]
[Site "Gatineau CAN"]
[Date "2022.05.10"]
[Round "2"]
[White "Xu, Jerry"]
[Black "Arcand, Pierre"]
[Result "1-0"]
[WhiteElo "1065"]
[BlackElo "1276"]
[PlyCount "107"]
[EventDate "2022.05.03"]
[EventType "swiss"]
[EventRounds "7"]
[EventCountry "CAN"]

1. d4 d5 2. c4 dxc4 3. e4 Nf6 4. Nc3 e6 5. Bg5 Be7 6. Nf3 h6 7. Bh4 O-O 8. Bxc4
Nc6 9. O-O Nxe4 10. Bxe7 Nxc3 11. bxc3 Qxe7 12. Re1 Qf6 13. Bb5 a6 14. Bxc6
bxc6 15. Ne5 Qg5 16. f3 Bb7 17. Rb1 Ra7 18. Rb3 f6 19. Nd7 Rd8 20. Nc5 Bc8 21.
Nxe6 Bxe6 22. Rxe6 c5 23. Qa1 cxd4 24. cxd4 Qd5 25. Re7 Raa8 26. Rbe3 c5 27.
dxc5 Qxc5 28. h4 Re8 29. Qc3 Qxc3 30. Rxe8+ Rxe8 31. Rxc3 Kf7 32. Kf2 g5 33.
hxg5 hxg5 34. Re3 Rxe3 35. Kxe3 Ke6 36. Kd4 Kd6 37. Kc4 Kc6 38. g4 Kd6 39. Kb4
Kc6 40. Ka5 Kb7 41. Kb4 Kc6 42. Ka5 Kb7 43. Kb4 Kb6 44. Kc4 Kc6 45. Kd4 Kd6 46.
a3 a5 47. a4 Kc6 48. Kc4 Kb6 49. Kd5 Kb7 50. Ke6 Kb6 51. Kxf6 Kc5 52. Kxg5 Kb4
53. Kh4 Kxa4 54. g5 1-0

[Event "Outaouais-ch Reserve"]
[Site "Gatineau CAN"]
[Date "2022.05.17"]
[Round "3"]
[White "Arcand, Pierre"]
[Black "Chenard, Paul"]
[Result "1-0"]
[WhiteElo "1276"]
[BlackElo "1150"]
[PlyCount "73"]
[EventDate "2022.05.03"]
[EventType "swiss"]
[EventRounds "7"]
[EventCountry "CAN"]

1. e4 e5 2. Nf3 Nc6 3. Bb5 Nf6 4. Nc3 d6 5. h3 Bd7 6. O-O a6 7. Bc4 b5 8. Bd5
Rb8 9. d3 h6 10. Bd2 Be6 11. Bxc6+ Ke7 12. Bd5 c5 13. Bxe6 fxe6 14. Ne2 b4 15.
a3 a5 16. axb4 cxb4 17. b3 Ke8 18. Ng3 Be7 19. d4 Nd7 20. dxe5 dxe5 21. Be3 Bc5
22. Bxc5 Nxc5 23. Qxd8+ Rxd8 24. Rxa5 Nb7 25. Rxe5 Ke7 26. Rb5 Rd7 27. Rxb4
Rhd8 28. Ne5 Rc7 29. Rxb7 Kd6 30. Rxc7 Kxc7 31. Ra1 Rd2 32. Ra7+ Kb6 33. Rxg7
Rxc2 34. Rg6 Rc1+ 35. Kh2 Re1 36. Rxe6+ Kb5 37. Rxh6 1-0

[Event "Outaouais-ch Reserve"]
[Site "Gatineau CAN"]
[Date "2022.05.17"]
[Round "3"]
[White "Bilodeau, Victor"]
[Black "Labelle, Raymond"]
[Result "1-0"]
[WhiteElo "1575"]
[BlackElo "1536"]
[PlyCount "63"]
[EventDate "2022.05.03"]
[EventType "swiss"]
[EventRounds "7"]
[EventCountry "CAN"]

1. d4 d5 2. Nf3 Nf6 3. c3 h6 4. Bf4 e6 5. e3 Bd6 6. Ne5 g5 7. Bg3 Ne4 8. Qh5
Qe7 9. Bd3 Nxg3 10. hxg3 Nd7 11. Nxf7 Nf6 12. Nxd6+ Kf8 13. Nxc8 Rxc8 14. Qf3
Kg7 15. Nd2 Rhf8 16. Qe2 c5 17. Nf3 c4 18. Bc2 b5 19. a3 a5 20. Ne5 a4 21. Ng6
Qf7 22. Nxf8 Rxf8 23. O-O-O h5 24. Rdf1 Ng4 25. f3 Nf6 26. e4 Re8 27. e5 Ng8
28. Qe3 Kh6 29. f4 g4 30. f5+ Kg7 31. Qg5+ Kf8 32. fxe6 1-0

[Event "Outaouais-ch Reserve"]
[Site "Gatineau CAN"]
[Date "2022.05.17"]
[Round "3"]
[White "Godbout, Elliott"]
[Black "Seguin, Hubert"]
[Result "0-1"]
[WhiteElo "1295"]
[BlackElo "1541"]
[PlyCount "136"]
[EventDate "2022.05.03"]
[EventType "swiss"]
[EventRounds "7"]
[EventCountry "CAN"]

1. e4 c5 2. Nf3 d6 3. d4 cxd4 4. Nxd4 Nc6 5. Nc3 g6 6. Bb5 Bd7 7. Be3 Bg7 8.
O-O a6 9. Be2 Nf6 10. Qd2 O-O 11. Nb3 b5 12. f3 Be6 13. Bh6 Ne5 14. Bxg7 Kxg7
15. Kh1 Bc4 16. Rfe1 Bxe2 17. Qxe2 Nc4 18. Nd1 Qb6 19. c3 e5 20. Ne3 Nxe3 21.
Qxe3 Qb7 22. Rad1 Rad8 23. Rd2 d5 24. exd5 Rfe8 25. Nc5 Qa8 26. Qg5 Rxd5 27.
Rxd5 Qxd5 28. Nb3 h6 29. Qd2 Qxd2 30. Nxd2 Rd8 31. Nb3 e4 32. fxe4 Nxe4 33. g3
f5 34. Nd4 Kf6 35. Kg2 b4 36. Rc1 bxc3 37. bxc3 Rc8 38. c4 Nd2 39. c5 Ke5 40.
Nf3+ Nxf3 41. Kxf3 Rc6 42. g4 fxg4+ 43. Kxg4 Kd5 44. h4 Rxc5 45. Rd1+ Ke6 46.
Rb1 Rc4+ 47. Kg3 Rc6 48. Kf4 Kd5 49. Re1 Rc4+ 50. Kg3 Re4 51. Rb1 Re6 52. a4
Re3+ 53. Kg2 Re4 54. Rb6 Re6 55. Rb4 Kc5 56. Rg4 a5 57. Kg3 Rf6 58. Kg2 Kd5 59.
Kg3 Ke5 60. Rc4 Kd5 61. Rg4 Rc6 62. Kh3 Rc3+ 63. Kg2 Rc4 64. Rxg6 Rxh4 65. Kf3
Kc4 66. Kg3 Rh5 67. Rg4+ Kb3 68. Kg2 Rg5 0-1

[Event "Outaouais-ch Reserve"]
[Site "Gatineau CAN"]
[Date "2022.05.17"]
[Round "3"]
[White "Hall, Weston"]
[Black "Simchowitz, Wladimir"]
[Result "1-0"]
[WhiteElo "1350"]
[BlackElo "1150"]
[PlyCount "51"]
[EventDate "2022.05.03"]
[EventType "swiss"]
[EventRounds "7"]
[EventCountry "CAN"]

1. e4 d6 2. d4 Nf6 3. Nc3 g6 4. Nf3 Bg4 5. Be2 Bg7 6. Be3 O-O 7. Qd2 Nc6 8. h3
Bxf3 9. Bxf3 e5 10. d5 Nb4 11. a3 Na6 12. O-O-O c6 13. dxc6 bxc6 14. Qxd6 Qc8
15. Qd3 Rb8 16. Be2 Rd8 17. Qxa6 Rxd1+ 18. Rxd1 Qc7 19. Qxa7 Rb7 20. Qa6 Nd7
21. Na4 f5 22. Nc5 Qb6 23. Qxb7 Qd8 24. Rxd7 Qa5 25. Rxg7+ Kf8 26. Qf7# 1-0

[Event "Outaouais-ch Reserve"]
[Site "Gatineau CAN"]
[Date "2022.05.17"]
[Round "3"]
[White "Hamon, Vincent"]
[Black "Obayojie, Emmanuel"]
[Result "0-1"]
[WhiteElo "1313"]
[BlackElo "1670"]
[PlyCount "72"]
[EventDate "2022.05.03"]
[EventType "swiss"]
[EventRounds "7"]
[EventCountry "CAN"]
[TimeControl "90/30:0"]

1. d4 g6 2. Nc3 Bg7 3. Bf4 Nf6 4. e4 e6 5. e5 Nd5 6. Nxd5 exd5 7. Qd2 d6 8. Bg5
Qd7 9. Nf3 dxe5 10. Nxe5 Qe6 11. O-O-O f6 12. Bh6 O-O 13. Bxg7 Kxg7 14. Nf3 Nc6
15. h4 Qd6 16. Re1 h5 17. Bb5 Nb4 18. a3 a6 19. Qxb4 Qxb4 20. axb4 axb5 21.
Re7+ Rf7 22. Rhe1 Ra4 23. c3 Ra1+ 24. Kc2 Bf5+ 25. Kb3 Rxe1 26. Rxe1 Be4 27.
Re3 Bxf3 28. Rxf3 Re7 29. Re3 Rxe3 30. fxe3 g5 31. Kc2 gxh4 32. Kd2 Kg6 33. Ke2
Kg5 34. Kf3 f5 35. b3 b6 36. g3 h3 0-1

[Event "Outaouais-ch Reserve"]
[Site "Gatineau CAN"]
[Date "2022.05.17"]
[Round "3"]
[White "Lavoie, Aren"]
[Black "Paquette, Simon"]
[Result "1-0"]
[WhiteElo "1387"]
[BlackElo "1246"]
[PlyCount "79"]
[EventDate "2022.05.03"]
[EventType "swiss"]
[EventRounds "7"]
[EventCountry "CAN"]

1. e4 e5 2. Nf3 Nc6 3. Bb5 a6 4. Ba4 Nf6 5. O-O Be7 6. d3 b5 7. Bb3 Bb7 8. Be3
O-O 9. Nbd2 Ng4 10. h3 Nxe3 11. fxe3 Bc5 12. Qe2 d6 13. c3 Qe7 14. d4 Bb6 15.
Qf2 Na5 16. Bc2 Rad8 17. Nh4 g6 18. Qg3 Nc4 19. Nxc4 bxc4 20. Nf5 Qd7 21. h4 h5
22. Qg5 f6 23. Qxg6+ Kh8 24. Qxh5+ Qh7 25. Qxh7+ Kxh7 26. Kf2 d5 27. exd5 Kh8
28. e4 Bc8 29. Ke3 Bxf5 30. Rxf5 Rd6 31. g4 Rg8 32. g5 fxg5 33. Rxg5 Rxg5 34.
hxg5 Rg6 35. Rg1 c6 36. Rg2 Kg7 37. Kf3 exd4 38. cxd4 Bxd4 39. e5 Bxe5 40. Bxg6
1-0

[Event "Outaouais-ch Reserve"]
[Site "Gatineau CAN"]
[Date "2022.05.17"]
[Round "3"]
[White "Mailhot, Michel"]
[Black "Hamon, Jean-Philippe"]
[Result "0-1"]
[WhiteElo "1160"]
[BlackElo "1200"]
[PlyCount "62"]
[EventDate "2022.05.03"]
[EventType "swiss"]
[EventRounds "7"]
[EventCountry "CAN"]

1. e4 d5 2. c3 dxe4 3. d4 Nf6 4. Bc4 Bg4 5. Qb3 e6 6. h3 Bf5 7. Ne2 Bd6 8. O-O
c5 9. Qa4+ Nc6 10. Bg5 O-O 11. Nd2 e5 12. Rfd1 exd4 13. cxd4 cxd4 14. Nf4 Bxf4
15. Bxf4 e3 16. Nf3 exf2+ 17. Kxf2 Ne4+ 18. Kg1 a6 19. Ng5 Be6 20. Nxe6 fxe6
21. Bxe6+ Kh8 22. Bd5 Qxd5 23. Qb3 Qxb3 24. axb3 Rxf4 25. Re1 Re8 26. b4 Nxb4
27. Ra4 Nc2 28. Re2 d3 29. Rexe4 Rfxe4 30. Ra5 d2 31. Rd5 Nd4 0-1

[Event "Outaouais-ch Reserve"]
[Site "Gatineau CAN"]
[Date "2022.05.17"]
[Round "3"]
[White "Roussel-Lewis, Mathieu"]
[Black "Rioux, Marco"]
[Result "1-0"]
[WhiteElo "1273"]
[BlackElo "1500"]
[PlyCount "83"]
[EventDate "2022.05.03"]
[EventType "swiss"]
[EventRounds "7"]
[EventCountry "CAN"]

1. e4 d5 2. exd5 Qxd5 3. Nc3 Qa5 4. Nf3 c6 5. d4 Bf5 6. a3 e6 7. Bd2 Nf6 8. Bc4
Bd6 9. Ne4 Qd8 10. Nxd6+ Qxd6 11. Bb4 Qd7 12. O-O a5 13. Bc5 Ne4 14. Bb6 Nd6
15. Bd3 O-O 16. Bxf5 Nxf5 17. Ne5 Qd6 18. Bc5 Qd5 19. Bxf8 Kxf8 20. Nf3 Nd7 21.
Re1 b5 22. c3 Nf6 23. Re5 Qd6 24. Rc1 Ng4 25. Re1 g5 26. h3 Nf6 27. Nxg5 Qd5
28. Re5 Qa2 29. Rb1 Kg7 30. b4 Qxa3 31. Rc5 Ra6 32. Ra1 Qb2 33. Rxa5 Rb6 34.
Qe1 Nxd4 35. cxd4 Qxb4 36. Qxb4 h6 37. Nf3 Ne4 38. Re5 f6 39. Rxe4 f5 40. Qe7+
Kg6 41. Rxe6+ Kh5 42. Qh4# 1-0

[Event "Outaouais-ch Reserve"]
[Site "Gatineau CAN"]
[Date "2022.05.17"]
[Round "3"]
[White "Simard, Paul"]
[Black "Brault, Jean-Francois"]
[Result "0-1"]
[WhiteElo "1252"]
[BlackElo "1495"]
[PlyCount "68"]
[EventDate "2022.05.03"]
[EventType "swiss"]
[EventRounds "7"]
[EventCountry "CAN"]
[TimeControl "90/30:0"]

1. d4 Nf6 2. Bf4 e6 3. e3 c5 4. Nf3 b6 5. c3 Bb7 6. Be2 d6 7. O-O Nh5 8. Bg3
Nxg3 9. fxg3 Nd7 10. Nbd2 Be7 11. Nc4 O-O 12. Qc2 b5 13. Ncd2 a6 14. a3 f5 15.
c4 Bf6 16. cxb5 cxd4 17. exd4 Qb6 18. Qc4 Bd5 19. Qd3 Rfc8 20. Kh1 a5 21. Ng1
Qb7 22. Ndf3 Nb6 23. Qd2 Rc7 24. Nh3 Rac8 25. Rac1 Nc4 26. Bxc4 Bxc4 27. Rfe1
Bd5 28. Rf1 Rxc1 29. Rxc1 Rxc1+ 30. Qxc1 Bxf3 31. gxf3 Qxf3+ 32. Kg1 Bxd4+ 33.
Nf2 Qxf2+ 34. Kh1 Qf3# 0-1

[Event "Outaouais-ch Reserve"]
[Site "Gatineau CAN"]
[Date "2022.05.17"]
[Round "3"]
[White "Villeneuve, Denis"]
[Black "Scantland, Patrick"]
[Result "1-0"]
[WhiteElo "1415"]
[BlackElo "1770"]
[PlyCount "39"]
[EventDate "2022.05.03"]
[EventType "swiss"]
[EventRounds "7"]
[EventCountry "CAN"]

1. e4 c5 2. Nf3 d6 3. c3 Nf6 4. h3 Nc6 5. d4 cxd4 6. cxd4 Nxe4 7. d5 Qa5+ 8.
Nc3 Nxc3 9. bxc3 Qxc3+ 10. Bd2 Qf6 11. dxc6 bxc6 12. Bd3 g6 13. Rc1 Bd7 14. O-O
h6 15. Re1 Bg7 16. Bc3 e5 17. Nxe5 dxe5 18. Bxe5 Qxe5 19. Rxe5+ Bxe5 20. Qe2
1-0

[Event "Outaouais-ch Reserve"]
[Site "Gatineau CAN"]
[Date "2022.05.17"]
[Round "3.6"]
[White "Thompson, Francis"]
[Black "Rioux, Jocelyn"]
[Result "1-0"]
[WhiteElo "1487"]
[BlackElo "1568"]
[PlyCount "119"]
[EventDate "2022.05.03"]
[EventType "swiss"]
[EventRounds "7"]
[EventCountry "CAN"]

1. Nf3 Nf6 2. g3 b6 3. Bg2 Bb7 4. O-O Nc6 5. d4 e6 6. Nbd2 Be7 7. e4 O-O 8. Re1
h6 9. a3 d6 10. c4 d5 11. e5 Nd7 12. cxd5 exd5 13. b4 a6 14. Nf1 Re8 15. Ne3
Nf8 16. Nf5 Ne6 17. Nxe7+ Nxe7 18. Be3 Nf5 19. Rc1 Nxe3 20. Rxe3 Rc8 21. Rec3
Qe7 22. Bh3 c6 23. Nh4 g6 24. f4 Ra8 25. f5 Ng5 26. Bg2 Kh7 27. Bxd5 c5 28.
fxg6+ fxg6 29. Qd3 Bxd5 30. Nxg6 Nh3+ 31. Kf1 Qf7+ 32. Nf4+ Kg7 33. bxc5 Nxf4
34. gxf4 Qxf4+ 35. Ke1 Rf8 36. Qg3+ Kh7 37. Qxf4 Rxf4 38. cxb6 Raf8 39. Rc7+
Kh8 40. R1c5 Rf1+ 41. Kd2 R1f2+ 42. Kc1 Rf1+ 43. Kb2 R1f2+ 44. Rc2 Rxc2+ 45.
Kxc2 Rf2+ 46. Kc3 Rxh2 47. Kb4 Rb2+ 48. Kc5 Be4 49. d5 h5 50. b7 Rc2+ 51. Kd6
Rb2 52. Rc8+ Kg7 53. b8=Q Rxb8 54. Rxb8 h4 55. Rb2 h3 56. Rh2 Bg2 57. Ke6 Kf8
58. d6 Ke8 59. d7+ Kd8 60. Kd6 1-0

[Event "Outaouais-ch Reserve"]
[Site "Gatineau CAN"]
[Date "2022.05.24"]
[Round "4"]
[White "Carabineanu, Marcel"]
[Black "Simchowitz, Yves"]
[Result "1-0"]
[WhiteElo "1277"]
[BlackElo "1061"]
[PlyCount "58"]
[EventDate "2022.05.03"]
[EventType "swiss"]
[EventRounds "7"]
[EventCountry "CAN"]

1. e4 e5 2. Nf3 Nc6 3. Bc4 h6 4. Nc3 Bc5 5. d4 exd4 6. Nd5 Nf6 7. Qd3 d6 8. Bd2
O-O 9. O-O-O Bg4 10. h3 Ne5 11. Qb3 Bxf3 12. gxf3 c6 13. Nf4 b5 14. Be2 a5 15.
a3 a4 16. Qa2 Rb8 17. Rhg1 g5 18. h4 Nh7 19. hxg5 hxg5 20. Nd3 Ng6 21. f4 Kg7
22. f5 Ne5 23. f4 Nxd3+ 24. Bxd3 f6 25. fxg5 fxg5 26. Qe6 Rf6 27. Bxg5 Rxe6 28.
Bxd8+ Kf7 29. fxe6+ Kxe6 1-0

[Event "Outaouais-ch Reserve"]
[Site "Gatineau CAN"]
[Date "2022.05.24"]
[Round "4"]
[White "Hamon, Vincent"]
[Black "Rioux, Marco"]
[Result "1-0"]
[WhiteElo "1313"]
[BlackElo "1500"]
[PlyCount "27"]
[EventDate "2022.05.03"]
[EventType "swiss"]
[EventRounds "7"]
[EventCountry "CAN"]

1. d4 d5 2. Nc3 Nc6 3. Bf4 Nf6 4. Nb5 g5 5. Bg3 Nb4 6. Nxc7+ Kd7 7. Nxa8 Na6 8.
e3 Ne8 9. Bb5+ Ke6 10. Qg4+ f5 11. Qe2 Nb4 12. Bxe8 Bg7 13. Nc7+ Kf6 14. Be5#
1-0

[Event "Outaouais-ch Reserve"]
[Site "Gatineau CAN"]
[Date "2022.05.24"]
[Round "4"]
[White "Labelle, Raymond"]
[Black "Lavoie, Aren"]
[Result "0-1"]
[WhiteElo "1536"]
[BlackElo "1387"]
[PlyCount "58"]
[EventDate "2022.05.03"]
[EventType "swiss"]
[EventRounds "7"]
[EventCountry "CAN"]

1. e4 e5 2. Nf3 Nc6 3. d4 exd4 4. Nxd4 Bc5 5. Be3 Bxd4 6. Bxd4 Nf6 7. Bc3 O-O
8. Bd3 Re8 9. Nd2 d5 10. Bxf6 Qxf6 11. O-O dxe4 12. Nxe4 Qxb2 13. Re1 Bf5 14.
Rb1 Qd4 15. Qf3 Bxe4 16. Bxe4 Qa4 17. Rxb7 Qxa2 18. Rxc7 Nd4 19. Qd3 Qa5 20.
Rc3 Ne2+ 21. Qxe2 Qxc3 22. Bxh7+ Kxh7 23. Qh5+ Kg8 24. Rf1 Re1 25. Qd5 Rxf1+
26. Kxf1 Qa1+ 27. Ke2 Re8+ 28. Kd3 Qd1+ 29. Kc4 Rc8+ 0-1

[Event "Outaouais-ch Reserve"]
[Site "Gatineau CAN"]
[Date "2022.05.24"]
[Round "4"]
[White "Masse-Garneau, Anthony"]
[Black "Bilodeau, Victor"]
[Result "1/2-1/2"]
[WhiteElo "1547"]
[BlackElo "1575"]
[PlyCount "83"]
[EventDate "2022.05.03"]
[EventType "swiss"]
[EventRounds "7"]
[EventCountry "CAN"]

1. d4 d5 2. c4 c6 3. cxd5 cxd5 4. Nf3 Nf6 5. e3 e6 6. Be2 Bb4+ 7. Bd2 Bxd2+ 8.
Nbxd2 O-O 9. O-O Nbd7 10. Rc1 b6 11. Qa4 Bb7 12. Ba6 Bxa6 13. Qxa6 Qb8 14. Rc2
Rc8 15. Rfc1 Rxc2 16. Rxc2 h6 17. h3 Ne8 18. Qb5 Nef6 19. Qf1 Qd6 20. Qc1 Ne4
21. Rc8+ Rxc8 22. Qxc8+ Kh7 23. Nxe4 dxe4 24. Nd2 f5 25. a3 Nf6 26. Qb7 Qd7 27.
Qxd7 Nxd7 28. Kf1 Kg6 29. Ke2 Kf6 30. Nc4 h5 31. h4 g6 32. Kd2 g5 33. hxg5+
Kxg5 34. Ke2 h4 35. f3 exf3+ 36. Kxf3 b5 37. Nd6 a6 38. e4 fxe4+ 39. Nxe4+ Kf5
40. Nd6+ Kg5 41. Ne4+ Kf5 42. Nd6+ 1/2-1/2

[Event "Outaouais-ch Reserve"]
[Site "Gatineau CAN"]
[Date "2022.05.24"]
[Round "4"]
[White "Paquette, Simon"]
[Black "Arcand, Pierre"]
[Result "1-0"]
[WhiteElo "1246"]
[BlackElo "1276"]
[PlyCount "101"]
[EventDate "2022.05.03"]
[EventType "swiss"]
[EventRounds "7"]
[EventCountry "CAN"]

1. d4 d5 2. c4 dxc4 3. Nf3 Nf6 4. Bf4 e6 5. e3 Bb4+ 6. Nc3 O-O 7. Bxc4 Ne4 8.
Qd3 Nxc3 9. bxc3 Bd6 10. Bg3 h6 11. O-O Bxg3 12. hxg3 Nc6 13. Bb3 Re8 14. Rab1
e5 15. Nd2 exd4 16. cxd4 Ne5 17. Qb5 c6 18. Qb4 a5 19. Qc5 b6 20. Qc2 Ng6 21.
Qxg6 Be6 22. Bxe6 Rxe6 23. Qf5 b5 24. Nb3 a4 25. Nc5 Rf6 26. Qd7 Qb8 27. Ne4
Rg6 28. Rfc1 Ra6 29. f4 Re6 30. Nc5 Ra7 31. Qxa7 Qxa7 32. Nxe6 fxe6 33. Rxc6
Qd7 34. Rc5 Qb7 35. Rbxb5 Qe4 36. Kf2 Qg6 37. Kf3 Qe8 38. g4 Qa8+ 39. e4 Qa6
40. f5 exf5 41. gxf5 Qf6 42. d5 Qa1 43. d6 Qxa2 44. d7 Qa3+ 45. Kf4 Qd3 46. Rd5
Qf1+ 47. Ke5 Qa1+ 48. Ke6 Qe1 49. d8=Q+ Kh7 50. Kf7 h5 51. Rd6 1-0

[Event "Outaouais-ch Reserve"]
[Site "Gatineau CAN"]
[Date "2022.05.24"]
[Round "4"]
[White "Rioux, Jocelyn"]
[Black "Legault, Stephane"]
[Result "1-0"]
[WhiteElo "1568"]
[BlackElo "1460"]
[PlyCount "143"]
[EventDate "2022.05.03"]
[EventType "swiss"]
[EventRounds "7"]
[EventCountry "CAN"]

1. d4 d5 2. Bf4 Nf6 3. e3 e6 4. c3 Be7 5. Bd3 c5 6. Nd2 c4 7. Bc2 Nc6 8. Ngf3
b5 9. Ne5 Bb7 10. Ndf3 h6 11. h3 Nxe5 12. Nxe5 Bd6 13. b3 Bxe5 14. Bxe5 O-O 15.
Qf3 Qe7 16. Bxf6 Qxf6 17. Qxf6 gxf6 18. bxc4 dxc4 19. Rb1 Bc6 20. f3 e5 21. Be4
Bxe4 22. fxe4 exd4 23. exd4 a6 24. O-O Kg7 25. Rf4 Rab8 26. a3 Rb6 27. Rbf1 a5
28. Rg4+ Kh7 29. Rf5 b4 30. axb4 axb4 31. cxb4 Rxb4 32. Rxf6 c3 33. Rc6 Rxd4
34. Rxc3 h5 35. Rg5 Rxe4 36. Rxh5+ Kg6 37. Rhc5 f5 38. Rc8 Rf7 39. R3c7 Rxc7
40. Rxc7 f4 41. Rc3 Kg5 42. Kf2 Rb4 43. Kf3 Rd4 44. Rc5+ Kg6 45. Re5 Kf6 46.
Re4 Rd3+ 47. Kxf4 Rd2 48. Kf3 Kf5 49. g4+ Kg5 50. Re5+ Kg6 51. h4 Rd4 52. Re4
Rd6 53. h5+ Kh6 54. Re5 Rd4 55. Re4 Rd6 56. Re5 Rd4 57. Re6+ Kh7 58. g5 Rd7 59.
Ke4 Rb7 60. Kf5 Rf7+ 61. Rf6 Rb7 62. g6+ Kh6 63. Rf7 Rb5+ 64. Kf6 Rb6+ 65. Ke7
Rb7+ 66. Kd6 Rb8 67. Rh7+ Kg5 68. g7 Rg8 69. Ke7 Ra8 70. h6 Kg6 71. Rh8 Ra7+
72. Kd6 1-0

[Event "Outaouais-ch Reserve"]
[Site "Gatineau CAN"]
[Date "2022.05.24"]
[Round "4"]
[White "Scantland, Patrick"]
[Black "Roussel-Lewis, Mathieu"]
[Result "1-0"]
[WhiteElo "1770"]
[BlackElo "1273"]
[PlyCount "33"]
[EventDate "2022.05.03"]
[EventType "swiss"]
[EventRounds "7"]
[EventCountry "CAN"]

1. d4 d5 2. c4 c6 3. Nc3 Bf5 4. Nf3 e6 5. e3 Nf6 6. Bd3 Bg6 7. O-O Bd6 8. b3
Qc7 9. c5 Bxh2+ 10. Nxh2 h5 11. Bxg6 fxg6 12. Qd3 Rh6 13. e4 Rh8 14. exd5 exd5
15. Qxg6+ Kd8 16. Bg5 Kc8 17. Bxf6 1-0

[Event "Outaouais-ch Reserve"]
[Site "Gatineau CAN"]
[Date "2022.05.24"]
[Round "4"]
[White "Seguin, Hubert"]
[Black "Berthiaume, Patrick"]
[Result "0-1"]
[WhiteElo "1541"]
[BlackElo "1427"]
[PlyCount "75"]
[EventDate "2022.05.03"]
[EventType "swiss"]
[EventRounds "7"]
[EventCountry "CAN"]

1. e4 d6 2. d4 Nf6 3. Nc3 g6 4. Nf3 Bg7 5. Be2 O-O 6. h3 c6 7. O-O Nbd7 8. Be3
Qc7 9. Qd2 b5 10. a3 Nb6 11. b3 Rd8 12. Bh6 a5 13. Bxg7 Kxg7 14. Qe3 Bb7 15.
Bd3 b4 16. Ne2 c5 17. dxc5 dxc5 18. c4 e5 19. g4 a4 20. bxa4 Rxa4 21. axb4 Rxb4
22. Rfc1 Qd6 23. Ra3 Bxe4 24. Bxe4 Nxc4 25. Rxc4 Rxc4 26. Bd3 Rb4 27. Nxe5 Re8
28. f4 Nd7 29. Ra6 Qb8 30. Qd2 Nxe5 31. fxe5 Qxe5 32. Ra2 Qe3+ 33. Qxe3 Rxe3
34. Ba6 Rxh3 35. Rc2 Rxg4+ 36. Kf2 Ra4 37. Bc8 Rd3 38. Nf4 0-1

[Event "Outaouais-ch Reserve"]
[Site "Gatineau CAN"]
[Date "2022.05.24"]
[Round "4.6"]
[White "Fiset, Anais Chloe"]
[Black "Thompson, Francis"]
[Result "1/2-1/2"]
[WhiteElo "1726"]
[BlackElo "1487"]
[PlyCount "87"]
[EventDate "2022.05.03"]
[EventType "swiss"]
[EventRounds "7"]
[EventCountry "CAN"]

1. e4 c6 2. d4 d5 3. e5 Bf5 4. Nd2 Nd7 5. Ngf3 e6 6. Nb3 h6 7. Be2 Qc7 8. O-O
Ne7 9. Bd2 c5 10. Bb5 Nc6 11. a4 c4 12. Nc1 Nb4 13. Bxb4 Bxb4 14. c3 Be7 15. b3
a6 16. Bxd7+ Qxd7 17. bxc4 dxc4 18. Qe2 Rc8 19. Nd2 Qc6 20. a5 O-O 21. f4 Rfd8
22. Qf2 Rd5 23. h3 Rb5 24. Ra4 Rb2 25. Ra2 Rxa2 26. Nxa2 Qa4 27. Ra1 Qxa5 28.
Nf1 Bd3 29. Ne3 Qb6 30. Nc1 Be4 31. Qe2 Qc6 32. Nxc4 Qxc4 33. Qxe4 Qxc3 34. Rb1
b5 35. Na2 Qc4 36. Rc1 Qxc1+ 37. Nxc1 Rxc1+ 38. Kh2 Ra1 39. d5 Ra4 40. Qd3 exd5
41. Qxd5 Rxf4 42. Qa8+ Bf8 43. Qxa6 b4 44. Qd3 1/2-1/2

[Event "Outaouais-ch Reserve"]
[Site "Gatineau CAN"]
[Date "2022.05.31"]
[Round "5"]
[White "Arcand, Pierre"]
[Black "Mailhot, Michel"]
[Result "1-0"]
[WhiteElo "1276"]
[BlackElo "1160"]
[PlyCount "34"]
[EventDate "2022.05.03"]
[EventType "swiss"]
[EventRounds "7"]
[EventCountry "CAN"]

1. e4 e5 2. Nf3 Bc5 3. Nc3 Nf6 4. h3 O-O 5. d3 Nc6 6. Bg5 h6 7. Bh4 b6 8. Be2
d6 9. O-O Bb7 10. Nd5 Ne7 11. Nxf6+ gxf6 12. Bxf6 Qd7 13. Nh2 Ng6 14. Bg4 Qc6
15. Bh5 Nf4 16. Qg4+ Ng6 17. Bxg6 fxg6 1-0

[Event "Outaouais-ch Reserve"]
[Site "Gatineau CAN"]
[Date "2022.05.31"]
[Round "5"]
[White "Berthiaume, Patrick"]
[Black "Obayojie, Emmanuel"]
[Result "1-0"]
[WhiteElo "1427"]
[BlackElo "1670"]
[PlyCount "77"]
[EventDate "2022.05.03"]
[EventType "swiss"]
[EventRounds "7"]
[EventCountry "CAN"]

1. Nf3 d5 2. c4 Nf6 3. g3 c5 4. Bg2 d4 5. b4 e6 6. b5 Nbd7 7. O-O e5 8. d3 Rb8
9. e3 Be7 10. exd4 exd4 11. Bf4 Ra8 12. Re1 O-O 13. Ne5 Re8 14. Nxd7 Qxd7 15.
Qf3 Bd6 16. Rxe8+ Nxe8 17. Nd2 Qf5 18. Re1 Kf8 19. Rxe8+ Kxe8 20. Bxd6 Qg6 21.
Qe4+ Be6 22. Qxg6 hxg6 23. Bxc5 Rd8 24. Bxb7 Bf5 25. Ne4 Kd7 26. Bc6+ Kc7 27.
Be7 Rh8 28. Bd6+ Kc8 29. c5 Bd7 30. Bxd7+ Kxd7 31. c6+ Kc8 32. Bc5 Kb8 33. Nd6
Rh5 34. Bxa7+ Kxa7 35. c7 Rc5 36. c8=Q Rxc8 37. Nxc8+ Kb7 38. Nd6+ Kb6 39. a4
1-0

[Event "Outaouais-ch Reserve"]
[Site "Gatineau CAN"]
[Date "2022.05.31"]
[Round "5"]
[White "Bilodeau, Victor"]
[Black "Fiset, Anais Chloe"]
[Result "0-1"]
[WhiteElo "1575"]
[BlackElo "1726"]
[PlyCount "52"]
[EventDate "2022.05.03"]
[EventType "swiss"]
[EventRounds "7"]
[EventCountry "CAN"]

1. d4 d5 2. Nf3 Nf6 3. g3 Bf5 4. Bg2 a6 5. O-O h6 6. c3 e6 7. Re1 c5 8. e3 Be7
9. Nbd2 O-O 10. Ne5 Nbd7 11. Ndf3 Rc8 12. a3 Qc7 13. Bd2 Bd6 14. Nxd7 Nxd7 15.
Rc1 Qb6 16. b4 cxb4 17. cxb4 Rc6 18. Rxc6 Qxc6 19. Qc1 Qa4 20. Qc3 Nb6 21. Rc1
Rc8 22. Qb2 Rxc1+ 23. Bxc1 Qd1+ 24. Bf1 Bh3 25. Nd2 Nc4 26. Qb3 Qxc1 0-1

[Event "Outaouais-ch Reserve"]
[Site "Gatineau CAN"]
[Date "2022.05.31"]
[Round "5"]
[White "Blais, Robert"]
[Black "Hall, Wes"]
[Result "1-0"]
[WhiteElo "1581"]
[BlackElo "1350"]
[PlyCount "39"]
[EventDate "2022.05.03"]
[EventType "swiss"]
[EventRounds "7"]
[EventCountry "CAN"]

1. e4 d5 2. exd5 Qxd5 3. Nc3 Qe6+ 4. Be2 Nc6 5. Nf3 Bd7 6. d4 Qf6 7. Be3 O-O-O
8. d5 Bf5 9. O-O Nb4 10. Rc1 e6 11. Bg5 Qg6 12. Bxd8 Bxc2 13. Rxc2 Nxc2 14. Bh4
Bd6 15. Bd3 f5 16. Bxc2 e5 17. Re1 Nh6 18. Nxe5 Bxe5 19. Rxe5 Ng4 20. Bxf5+ 1-0

[Event "Outaouais-ch Reserve"]
[Site "Gatineau CAN"]
[Date "2022.05.31"]
[Round "5"]
[White "Brault, Jean-Francois"]
[Black "Lavoie, Aren"]
[Result "1-0"]
[WhiteElo "1495"]
[BlackElo "1387"]
[PlyCount "79"]
[EventDate "2022.05.03"]
[EventType "swiss"]
[EventRounds "7"]
[EventCountry "CAN"]
[TimeControl "90/30:0"]

1. c4 e5 2. Nc3 Nf6 3. g3 d5 4. cxd5 Nxd5 5. Bg2 Be6 6. d4 Bb4 7. Bd2 exd4 8.
Nxd5 Bxd2+ 9. Qxd2 Bxd5 10. e4 Bc4 11. Ne2 c5 12. O-O Nc6 13. Rfc1 Bxe2 14.
Qxe2 b6 15. e5 Rc8 16. f4 O-O 17. Be4 Nb4 18. Rd1 Nd5 19. Qd3 g6 20. e6 Ne3 21.
Rd2 f5 22. Bb7 Rc7 23. Re1 Qe7 24. Ba6 Rf6 25. Bc4 a6 26. a4 Kg7 27. Rde2 Rc6
28. Ba2 a5 29. h3 Qd6 30. Qb5 Kf8 31. Rd2 Nd5 32. Re5 Rxe6 33. Bxd5 Rxe5 34.
Bxc6 Re1+ 35. Kg2 Qe6 36. Bf3 Qe3 37. Rf2 d3 38. Qxb6 Re2 39. Qf6+ Ke8 40. Bc6#
1-0